| 000 | 01299nam a22003137a 4500 | ||
|---|---|---|---|
| 001 | 6526 | ||
| 003 | FISKH | ||
| 005 | 20250508094212.0 | ||
| 008 | 250508b cb ||||| |||| 00| 0 eng d | ||
| 020 | _a9780545417990 | ||
| 040 |
_aYDXCP _cYDXCP _dBTCTA _dBDX _dFOLLT _dIHI _dCGP _dDLC _beng |
||
| 050 | _aPZ7.S86037 S | ||
| 082 | _a813.54 | ||
| 100 | 1 |
_aStine, R. L. _d(1943-) |
|
| 245 | 1 | 0 |
_aSon of Slappy / _cR.L. Stine. |
| 250 | _aThis edition first published in 2013 | ||
| 260 |
_aNew York : _bScholastic, _c2013. |
||
| 300 |
_a134 pages : _c20 cm. |
||
| 490 | 1 |
_aGoosebumps most wanted ; _v2 |
|
| 505 | _aG | ||
| 520 | _a"Jackson Stander is every parent's dream. He doesn't get into trouble, he always does his homework, and he never ever lies. His teachers all trust him completely. He even volunteers at the local Youth Center. But that was before Jackson came across an evil ventriloquist dummy. Now he must deal with Slappy wreaking havoc on his own family and friends. Jackson will soon see that two Slappys are not better than one" -- Cover verso. | ||
| 521 |
_a410
_bLexile |
||
| 521 |
_aG
_bRaz-Plus |
||
| 650 | 0 |
_aPuppets _vJuvenile fiction. |
|
| 650 | 1 |
_aPuppets _vFiction. |
|
| 906 |
_a7 _bcbc _ccopycat _d2 _encip _f20 _gy-gencatlg |
||
| 942 |
_2ddc _cBK _n0 |
||
| 999 |
_c6526 _d6526 |
||